L'identità
সংরক্ষণ করুন:
| প্রধান লেখক: | |
|---|---|
| অন্যান্য লেখক: | , |
| বিন্যাস: | গ্রন্থ |
| ভাষা: | ইংরেজি |
| প্রকাশিত: |
Milano
Bompiani
1999
|
| ট্যাগগুলো: |
কোনো ট্যাগ নেই, প্রথমজন হিসাবে ট্যাগ করুন!
|
MARC
| LEADER | 00000nam a2200000 4500 | ||
|---|---|---|---|
| 005 | 20231105200619.0 | ||
| 008 | 231105b |||||||| |||| 00| 0 eng d | ||
| 020 | |a 8845242056 | ||
| 040 | |c C | ||
| 082 | |a 305.8 | ||
| 100 | |a Maalouf, Amin | ||
| 245 | |a L'identità | ||
| 260 | |a Milano |b Bompiani |c 1999 | ||
| 700 | |a Volterrani, Egi |c (postfazione di) | ||
| 700 | |a Ascari, Fabrizio |c (traduzione di) | ||
| 942 | |2 ddc |c BK |n 0 | ||
| 952 | |0 0 |1 0 |2 ddc |4 0 |6 305_800000000000000_MAA_IDE |7 1 |9 91 |a GE |b GE |d 2019-10-28 |l 0 |o 305.8 MAA IDE |p 3441 |r 2023-11-05 20:05:13 |w 2023-11-05 |y BK | ||
| 999 | |c 81 |d 81 | ||